ABBA y el mensaje central del antiguo testamento.
Enregistré dans:
| Auteur principal: | |
|---|---|
| Format: | Inconnue |
| Publié: |
Salamanca, España:
Ediciones Sígueme,
2019.
|
| Édition: | Séptima edición. |
| Collection: | Bibliotecas de Estudios Bíblicos ;
|
| Sujets: | |
| Tags: |
Ajouter un tag
Pas de tags, Soyez le premier à ajouter un tag!
|
MARC
| LEADER | 00000 a2200000 4500 | ||
|---|---|---|---|
| 003 | CL-VaPUC | ||
| 005 | 20231123120104.0 | ||
| 008 | 231121t2019 ||||| |||| 00| 0 eng d | ||
| 999 | |c 442405 |d 442403 | ||
| 020 | |a 9788430120208 | ||
| 040 | |c Pontificia Universidad Católica de Valparaíso | ||
| 082 | 7 | |a 225 JER 2019 |2 22 | |
| 100 | |a Jeremias, Joachim |9 317204 |e autor | ||
| 245 | |a ABBA y el mensaje central del antiguo testamento. | ||
| 250 | |a Séptima edición. | ||
| 260 | |a Salamanca, España: |b Ediciones Sígueme, |c 2019. | ||
| 300 | |a 350 páginas. | ||
| 490 | |a Bibliotecas de Estudios Bíblicos ; |n 30. | ||
| 583 | |k GC |c 20231121 | ||
| 650 | |a Nuevo testamento |9 257604 | ||
| 650 | 0 | |a Cristología |9 315091 | |
| 942 | |2 ddc |c BK | ||
| 952 | |0 0 |1 0 |2 ddc |4 0 |6 225_000000000000000_JER_2019 |7 0 |8 A |9 592475 |a BIBTEO |b BIBTEO |d 2023-11-13 |e 8 |g 22400.00 |i 5659469 |o 225 JER 2019 |p 5659469 |r 2025-01-17 |t 1 |v 22400.00 |w 2023-11-13 |y BK |k ICR | ||